000 00638nam a2200241 i 4500
001 C2-0317298
003 PPAK
005 20180728113512.0
008 120906s2009 my |||| ||||| | may d
020 _a9789833880508
040 _aPPAK
_beng
_cPPAK
_erda
082 0 4 _a899.233
_223
090 0 0 _a899.233
_bYUH
_dG
100 0 _aYuhanna Aleeya,
_eauthor
245 1 0 _aMemori berkasih
264 1 _aKuala Lumpur :
_bFajar Pakeer Sdn. Bhd. ,
_c2009
300 _a541 pages ;
_c19 cm
336 _2rdacontent
_atext
337 _2rdamedia
_aunmediated
338 _2rdacarrier
_avolume
650 1 0 _aMalay fiction.
942 _ddc
_cB
999 _c118375
_d118375